Online Catalogue and eLibrary

Feminist epistemologies (Record no. 1741)

MARC details
000 -LEADER
fixed length control field 00497nam a2200205Ia 4500
005 - DATE AND TIME OF LATEST TRANSACTION
control field 20250210010852.0
008 - FIXED-LENGTH DATA ELEMENTS--GENERAL INFORMATION
fixed length control field 240331s9999 xx 000 0 und d
020 ## - INTERNATIONAL STANDARD BOOK NUMBER
ISBN 041590451X
082 ## - DDC Classification
Item Number - Author Mark ALC
DDC Edition Number 3735
Class No. 305.401
245 #0 - TITLE STATEMENT
Title Feminist epistemologies
260 ## - PUBLICATION, DISTRIBUTION, ETC.
Place of publication, distribution, etc. New York;
-- London
Name of publisher, distributor, etc. Routledge
Date of publication, distribution, etc. 1993
300 ## - PHYSICAL DESCRIPTION
Extent (e.g. Volumes, Pages etc.) vii, 312 p.,
650 ## - SUBJECT ADDED ENTRY--TOPICAL TERM
Topical term or geographic name entry element Feminism
650 ## - SUBJECT ADDED ENTRY--TOPICAL TERM
Topical term or geographic name entry element Epistemology
650 ## - SUBJECT ADDED ENTRY--TOPICAL TERM
Topical term or geographic name entry element Gender
650 ## - SUBJECT ADDED ENTRY--TOPICAL TERM
Topical term or geographic name entry element Women
700 ## - ADDED ENTRY--PERSONAL NAME
Personal name Alcoff, L
Relator term (Role) Editor
700 ## - ADDED ENTRY--PERSONAL NAME
Personal name Potter, E
Relator term (Role) Editor
942 ## - Koha item type (Biblio)
Koha item type Books in Stacks (Lending)
Holdings
Lost status Damaged status Collection code Home library Current library Shelving location Date acquired Full call number Accession Number Item type
    Lending WERC Library WERC Library Social Science Cupboard 03/31/2024 305.4 FEM 3735 Books in Stacks (Lending)

© WERC Library